High frequency Agobacterium mediated henetic transformation in rubber tree via vacuum infiltration (Record no. 48833)

MARC details
000 -LEADER
fixed length control field 00636nam a2200229Ia 4500
100 ## - MAIN ENTRY--AUTHOR NAME
Personal name Sobha S
245 #0 - TITLE STATEMENT
Title High frequency Agobacterium mediated henetic transformation in rubber tree via vacuum infiltration
260 ## - PUBLICATION, DISTRIBUTION, ETC. (IMPRINT)
Name of publisher Journal of Plantation Crops
Year of publication 2013
300 ## - PHYSICAL DESCRIPTION
Number of Pages 300-306
650 ## - SUBJECT ADDED ENTRY--TOPICAL TERM
Topical Term Genetic transformation
650 ## - SUBJECT ADDED ENTRY--TOPICAL TERM
Topical Term Rubber tree
650 ## - SUBJECT ADDED ENTRY--TOPICAL TERM
Topical Term Vacuum infiltration
700 ## - ADDED ENTRY--PERSONAL NAME
Personal name Deepa K
700 ## - ADDED ENTRY--PERSONAL NAME
Personal name Jayashree R
700 ## - ADDED ENTRY--PERSONAL NAME
Personal name Jayasree P
700 ## - ADDED ENTRY--PERSONAL NAME
Personal name Kala R G
700 ## - ADDED ENTRY--PERSONAL NAME
Personal name Rekha K
700 ## - ADDED ENTRY--PERSONAL NAME
Personal name Sushamakumari S
700 ## - ADDED ENTRY--PERSONAL NAME
Personal name Thulaseedharan A
942 ## - ADDED ENTRY ELEMENTS (KOHA)
Koha item type Bibliography STAF
Holdings
Withdrawn status Lost status Damaged status Not for loan Home library Current library Shelving location Date acquired Serial Enumeration / chronology Koha item type
      Bibliography RRII Library RRII Library Biotechnology 01/01/2021 Volume 41, Issue 3 Bibliography STAF